<?xml version='1.0' encoding='UTF-8'?>
  <record xmlns="http://www.loc.gov/MARC21/slim">
    <leader>00000cam a22000007i 4500</leader>
    <controlfield tag="001">ocm68501753</controlfield>
    <controlfield tag="003">OCoLC</controlfield>
    <controlfield tag="005">20251017014331.2</controlfield>
    <controlfield tag="008">970728s1773    ne            000 0 dut d</controlfield>
    <datafield tag="040" ind1=" " ind2=" ">
      <subfield code="a">NLGGC</subfield>
      <subfield code="b">dut</subfield>
      <subfield code="e">fobidrtb</subfield>
      <subfield code="c">NLGGC</subfield>
      <subfield code="d">QGJ</subfield>
      <subfield code="d">OCLCQ</subfield>
    </datafield>
    <datafield tag="029" ind1="0" ind2=" ">
      <subfield code="a">NLGGC</subfield>
      <subfield code="b">160229812</subfield>
    </datafield>
    <datafield tag="035" ind1=" " ind2=" ">
      <subfield code="a">(OCoLC)68501753</subfield>
    </datafield>
    <datafield tag="130" ind1="0" ind2=" ">
      <subfield code="a">Bijbel O.T. Ps..</subfield>
      <subfield code="n">39.</subfield>
      <subfield code="l">Nederlands.</subfield>
    </datafield>
    <datafield tag="245" ind1="1" ind2="4">
      <subfield code="a">Het boek der Psalmen, nevens de gezangen bij de Hervormde Kerk van Nederland in gebruik; door last van de ... Heeren Staaten Generaal ... :</subfield>
      <subfield code="b">uit drie berijmingen, in den jaare 1773 gekooren, met de noodige daar in gemaakte veranderingen.</subfield>
    </datafield>
    <datafield tag="250" ind1=" " ind2=" ">
      <subfield code="a">Eerste volledige openbaere uitgaeve.</subfield>
    </datafield>
    <datafield tag="260" ind1=" " ind2=" ">
      <subfield code="a">Te Leyden, :</subfield>
      <subfield code="b">bij C. van Hoogeveen, Junior,</subfield>
      <subfield code="c">1773.</subfield>
    </datafield>
    <datafield tag="300" ind1=" " ind2=" ">
      <subfield code="a">[IV], 425, [7] p. ;</subfield>
      <subfield code="c">in-8.</subfield>
    </datafield>
    <datafield tag="336" ind1=" " ind2=" ">
      <subfield code="a">tekst</subfield>
      <subfield code="b">txt</subfield>
      <subfield code="2">rdacontent/dut</subfield>
    </datafield>
    <datafield tag="337" ind1=" " ind2=" ">
      <subfield code="a">zonder medium</subfield>
      <subfield code="b">n</subfield>
      <subfield code="2">rdamedia/dut</subfield>
    </datafield>
    <datafield tag="338" ind1=" " ind2=" ">
      <subfield code="a">band</subfield>
      <subfield code="b">nc</subfield>
      <subfield code="2">rdacarrier/dut</subfield>
    </datafield>
    <datafield tag="530" ind1=" " ind2=" ">
      <subfield code="a">Titel is geselecteerd voor digitalisering voor de Universiteit van Amsterdam in het kader van het Google Books-project.</subfield>
    </datafield>
    <datafield tag="500" ind1=" " ind2=" ">
      <subfield code="a">"Eerste volledige openbaere uitgave" [Tesktuitg.]</subfield>
    </datafield>
    <datafield tag="500" ind1=" " ind2=" ">
      <subfield code="a">Imprint: Te Leyden, Bij C. van Hoogeveen, Junio. 1773.</subfield>
    </datafield>
    <datafield tag="530" ind1=" " ind2=" ">
      <subfield code="a">Also available in online version.</subfield>
    </datafield>
    <datafield tag="700" ind1="1" ind2=" ">
      <subfield code="a">Dam, Ysbrand van,</subfield>
      <subfield code="e">licensor.</subfield>
      <subfield code="4">lso</subfield>
    </datafield>
    <datafield tag="710" ind1="0" ind2=" ">
      <subfield code="a">Hoogeveen, Cornelis van (jr., Leiden)</subfield>
      <subfield code="4">prt</subfield>
      <subfield code="0">(NL-LeOCL)077134419</subfield>
    </datafield>
    <datafield tag="710" ind1="2" ind2=" ">
      <subfield code="a">Die van den Gerechte (Leiden),</subfield>
      <subfield code="4">cns</subfield>
    </datafield>
    <datafield tag="776" ind1="0" ind2=" ">
      <subfield code="t">Het boek der Psalmen, nevens de gezangen bij de Hervormde Kerk van Nederland in gebruik; door last van de ... Heeren Staaten Generaal ...</subfield>
      <subfield code="w">(NL-LeOCL)396920314</subfield>
    </datafield>
    <datafield tag="776" ind1="0" ind2="8">
      <subfield code="i">Online version:</subfield>
      <subfield code="t">Het boek der Psalmen, nevens de gezangen bij de Hervormde Kerk van Nederland in gebruik.</subfield>
      <subfield code="d">Te Leyden : bij C. van Hoogeveen, Junior, 1773.</subfield>
    </datafield>
    <datafield tag="856" ind1="4" ind2="2">
      <subfield code="u">http://objects.library.uu.nl/reader/resolver.php?obj=001529527&amp;type=2</subfield>
      <subfield code="x">Online</subfield>
      <subfield code="z">Full text</subfield>
    </datafield>
    <datafield tag="936" ind1=" " ind2=" ">
      <subfield code="a">BATCHLOAD</subfield>
    </datafield>
  </record>